Quizzes
Events
Quiz Creation
Community
Videos
Private Events
Remove Ads
Sign In
Join for FREE
Feedback
Dark Mode
Quiz Categories
Sports
Geography
Music
Movies
Television
Just For Fun
Miscellaneous
History
Literature
Language
Science
Gaming
Entertainment
Religion
Holiday
For Kids
Quiz Lab
Recent
Popular Today
Quiz Kudos Today
Editor Picks
Curator Picks
Quizzes by...
Day
Popularity
Type
Ratings
Length
Year
Community
Subscriptions
Recent Discussions
Orange Saloon
Badges
Playlists
Quests
Create
Leaderboards
Showdown
Live 5
Trivia Bingo
Activity
Puzzle Library
Sporcle Events
Private Events
Virtual Trivia
Globe League
Become a Host
Pub Owners
SporcleCon
Opinionation
Our Games
Videos
Blog
Mobile Apps
Partnerships
Remove Ads and Go Orange
Feedback
Music
Pop Music
The Beatles
Song
Album
Lyrics
Bands
Singers
Artist
Clip
Rock
Rap
Classical
Billboard
Country Music
Kpop
Taylor Swift
Music
Pop Music
The Beatles
Song
Album
Lyrics
Bands
Singers
Artist
Clip
Rock
Rap
Classical
Billboard
Country Music
Kpop
Taylor Swift
Random Quiz
Search Sporcle
×
Quiz Lab
Quiz Lab
Music
Blow
Type in answers that appear in a list
Type in answers that appear in a list
Classic
Best Score? Go Orange.
Blow Us All Away (Part 2) Stats
Can you name the lyrics to Blow Us All Away from Hamilton?
By
armonioso
10m
293 Questions
954 Plays
954 Plays
954 Plays
Comments
Comments
Give Quiz Kudos
Give Quiz Kudos
-
- Ratings
hide this ad
Replay
Link that replays current quiz
Next Quiz
Link to next quiz in quiz playlist
You Got
0%
They Got
Avg Score
87%
Avg Friend Score
Upgrade to see
Score Distribution
Jump to the score distribution portion of the page
Score
0/293
Timer
10:00
0
Plays Today
Character
Lyrics
% Correct
the
97.8%
and
97.8%
a
97.8%
the
97.8%
the
97.8%
a
97.8%
the
97.8%
the
97.8%
the
97.8%
a
97.8%
a
97.8%
a
97.8%
a
97.8%
a
97.8%
the
97.8%
the
97.8%
The
97.8%
the
97.8%
the
97.8%
and
97.8%
the
97.8%
you
95.8%
you,
95.8%
you
95.8%
you
95.8%
you.
95.8%
you
95.8%
You
95.8%
You
95.8%
you
95.8%
he
95.4%
Philip
He
95.4%
he
95.4%
to.
94.7%
to
94.7%
to
94.7%
to
94.7%
to
94.7%
do:
94.7%
to
94.7%
to
94.7%
To
94.7%
to
94.7%
to
94.7%
is
94.4%
in
94.4%
is
94.4%
in
94.4%
is
94.4%
in
94.4%
is
94.4%
is
94.4%
in
94.4%
in
94.4%
is
94.4%
is
94.4%
in
94.4%
if
94.1%
if
94.1%
if
94.1%
on
94.1%
it
93.8%
my
93.8%
my
93.8%
Philip
My
93.8%
it.
93.8%
my
93.8%
it
93.8%
about
93.7%
about
93.7%
about
93.7%
your
93.5%
your
93.5%
an
93.5%
your
93.5%
your
93.5%
your
93.5%
your
93.5%
your
93.5%
your
93.5%
this
93.3%
this
93.3%
this
93.3%
this
93.3%
This
93.3%
this
93.3%
Hamilton
No,
93.2%
no
93.2%
was
92.9%
was
92.9%
I'm
92.8%
I'm
92.8%
I'm
92.8%
I'm
92.8%
go.
92.8%
let
92.7%
let
92.7%
let
92.7%
Character
Lyrics
% Correct
of
92.5%
of
92.5%
of
92.5%
So
92.3%
what
92.1%
what
92.1%
me:
92.1%
me
92.1%
I
92%
I
92%
Philip
I
92%
I
92%
I
92%
I
92%
I
92%
can't
91.8%
can't
91.8%
can't
91.8%
heard
91.7%
man
91.6%
Philip
But
91.6%
man
91.6%
but
91.6%
said
91.5%
not
91.4%
duel,
91.3%
duel
91.3%
take
91%
take
91%
Take
91%
Philip,
90.7%
Philip,
90.7%
gun
90.7%
had
90.6%
don't
90.6%
had
90.6%
don't
90.6%
slide,
90.5%
we
90.5%
slide!
90.5%
we
90.5%
Then
90.4%
then
90.4%
talk
90.1%
mother
89.9%
Philip
Father--
89.7%
father,
89.7%
honor.
89.5%
am
89.4%
they
89.2%
would
89.1%
show
89.1%
show?
89.1%
New
89%
shoot?
88.8%
name
88.7%
another
88.6%
school.
88.5%
Jersey.
88.5%
Hamilton /
Philip
Everything
88.5%
Jersey.
88.5%
will
88.5%
will
88.5%
legal
88.4%
poet,
88.4%
you're
88.2%
you're
88.2%
aim
87.9%
aim
87.9%
Hamilton
Where
87.7%
he's
87.7%
heartbreak.
87.6%
boarding
87.4%
Ensemble
One
87.3%
Philip
Pops,
87.2%
goner.
87.2%
little
87.1%
life,
87%
down.
86.3%
river,
86.3%
truly
86.3%
peace?
86.2%
peace
86.2%
How
86.2%
Hamilton
Slow
86.1%
two
86.1%
three
86.1%
four
86.1%
have
86%
first
86%
Hamilton
Did
86%
five
86%
six
85.8%
count
85.6%
Ensemble
Count
85.6%
seven
85.6%
nervous,
85.5%
sky!
85.4%
Character
Lyrics
% Correct
****
85.3%
son.
85.2%
only
85.1%
happening?
85.1%
gonna
85.1%
Philip
Across
85%
ten.
84.9%
ten!
84.9%
exactly
84.8%
rest
84.6%
that
84.5%
very
84.4%
all
84.4%
something
84%
end
83.9%
higher,
83.9%
Philip
Look
83.5%
let's
83.4%
Eacker
83.2%
Eacker!
83.2%
want
82.8%
eye,
82.8%
someone's
82.6%
Make
82.6%
summon
82.6%
guns.
82.4%
proud,
82.4%
cover
82.3%
When
82.3%
when
82.3%
with
82.3%
with
82.3%
courage
82.3%
whole
82.2%
affair.
81.6%
require,
81.4%
air.
81.1%
man's
81.1%
put
80.8%
cannot
80.7%
decides
80.6%
front
80.5%
Philip
Okay,
80.5%
negotiate
80.4%
Be
80.4%
Hamilton
80%
he'll
79.7%
pride.
79.4%
Mr.
79.1%
for
78.7%
subject
78.6%
cease.
78.6%
friends
78.5%
'em
78.5%
Hamilton
Come
78.3%
skip
78%
refused
77.9%
blood
77.5%
attempt
76.9%
shake.
76.7%
follow
75.8%
commence
75.8%
young
75.2%
pistol
75.2%
after
75.2%
suit
74.8%
done.
74.6%
fire
74.3%
came
74.2%
pleasantries,
74%
doubt
73.9%
back
73.8%
advice:
73.6%
until
72.9%
Stand
72.7%
talks
72.6%
ask
72.4%
apologize,
72.3%
towards
72.1%
conscience.
72%
George
I'd
71.9%
like
71.7%
weapon
71.2%
slowly
70%
time
69.5%
there
69.4%
rather
68.8%
comes,
68.7%
men.
67.2%
smart.
65.8%
Philip
Confer
63.2%
Hamilton
Alright.
60.2%
Grab
60%
Hamilton
Promise
59.4%
promise.
59.4%
sorry,
56.5%
clearly
53.9%
Quiz Playlist
Details
Report
Send in Message
Add To Playlist
Classic:
Type in answers that appear in a list
Last Updated: Feb 16, 2017
Quiz Scoreboard
CHALLENGE
Sign Up to Join the Scoreboard
Show All
Scores
Hide
Comments
May contain spoilers
Recently Published
Movies - When Are They Set?
by FPL_Elf
Movies
5m
Popular People in 1961
by mucciniale
History
6m
1-10 Letter E Words III
by El_Dandy
Language
2m
More to Explore
Quiz From the Vault
Featured Blog Post
Where Did the Easter Bunny Come From?
hide this ad
You Might Also Like...
Tags
Away
Blow
Character
Hamilton
Today's Top Quizzes in Music
Browse Music
hide this ad
Top Contributed Quizzes in Music
1
Taylor Swift All Songs (2024)
2
2010s Album by Cover III
3
One Thing in Common: Music
4
Guess the Artist- 70s Songs
5
Taylor Swift Logic Puzzle
6
Guess the Taylor Swift song (Mystery Song)
7
2010s Album by Cover IV
8
2010s Album by Cover V
9
KPOP LOGIC QUIZ
10
2010s Album by Cover VI
Explore More
Trending Topics
Disney
NBA
Harry Potter
Crossword
Anime
Kpop
Marvel
Song
NFL
Soccer
Pokémon
The Office
Puzzle
Country
WWE
hide this ad
More By:
armonioso
Quiz
Plays
Rating
Category
Featured
Created
Phoebe Bridgers - I Know The End (Lyrics)
7,821
5.00
Music
Oct 14, 2020
Mitski - Washing Machine Heart (Lyrics)
7,238
4.94
Music
Jul 3, 2019
Mitski - Me and My Husband (Lyrics)
3,675
4.50
Music
Jul 6, 2019
Take a Break (Part 1)
3,354
4.63
Music
Dec 11, 2015
Phoebe Bridgers - Moon Song (Lyrics)
2,951
5.00
Music
Aug 31, 2020
Go to Creator's Profile
Score Distribution
Quiz Creator Spotlight
armonioso
Follow
Send a Message
Quizzes Created
-
Created Quiz Play Count
-
More By This Creator
Popular Quizzes Today
1
Find the Countries of Europe - No Outlines Minefield
2
Find the US States - No Outlines Minefield
3
The Countries of the World
4
Popular People in 1961
5
1-10 Letter E Words III
6
US States
7
Find the US States
8
One Thing in Common: World Cities II
More Music Quizzes
#1 Songs by Lyrics (2020)
Quiz Lab
Trending Quizzes
Risky Map Clicking: Least Populous States A-Z
Humor Books: The Subtitles
1-10 Letter F Words
1-10 Letter G Words
One Thing in Common: United Kingdom
Recently Updated
Leaping Animals
pecheneg
Reality TV Shows (A-Z)
bhenderson79
Rickey Henderson's Hall of Fame Teammates
pecheneg
Champions League XIs: Arsenal
pecheneg
Quick Pick: Celebrities in WWE's Hall of Fame
aduchscher
A-Z Keypad Blitz II
pecheneg
Multiple Oscar Actors
pecheneg
Mystery Phrase Blitz: Oscar 'Best Actors'
pecheneg
F. Scott Fitzgerald Novels
LTH
Pick 3 Villains
ddd62291
Trending Topics
Anime
Disney
Marvel
Harry Potter
Kpop
Crossword
NBA
Soccer
Pokémon
NFL
Puzzle
Song
Country
The Office
WWE
Your Account Isn't Verified!
In order to create a playlist on Sporcle, you need to verify the email address you used during registration. Go to your
Sporcle Settings
to finish the process.
Report this User
Report this user for behavior that violates our
Community Guidelines
.
Details:
Send Report
Go to the Sporcle.com Mobile Site →
Comments